[Event "Speed Chess Championship 2020"]
[Site "Online"]
[Date "2020.11.12"]
[Round "1.18"]
[White "Martirosyan, Haik M."]
[Black "Nakamura, Hikaru"]
[Result "0-1"]
[WhiteElo "2622"]
[BlackElo "2736"]
[Annotator "ChessBase"]
[PlyCount "94"]
[EventDate "2020.10.31"]
[EventType "k.o."]
[SourceTitle "playchess.com"]
[Source "ChessBase"]
[SourceQuality "1"]
[TimeControl "60+1"]

1. d4 {[%emt 0:00:01]} Nf6 {[%emt 0:00:01]} 2. Nf3 {[%emt 0:00:00]} e6 {[%emt 0:00:00]} 3. c4 {[%emt 0:00:00]} d5 {[%emt 0:00:00]} 4. Nc3 {[%emt 0:00:01]} Be7 {[%emt 0:00:01]} 5. Bf4 {[%emt 0:00:00]} O-O {[%emt 0:00:00]} 6. e3 {[%emt 0:00:00]} Nbd7 {[%emt 0:00:00]} 7. Be2 {[%emt 0:00:01]} dxc4 {[%emt 0:00:01]} 8. O-O {[%emt 0:00:01]} a6 {[%emt 0:00:00]} 9. a4 {[%emt 0:00:00]} b6 {[%emt 0:00:00]} 10. Bxc4 {[%emt 0:00:00]} Bd6 {[%emt 0:00:01]} 11. Bxd6 {[%emt 0:00:02]} cxd6 {[%emt 0:00:00]} 12. Bd3 {[%emt 0:00:00]} Bb7 {[%emt 0:00:01]} 13. e4 {[%emt 0:00:01]} e5 {[%emt 0:00:01]} 14. Re1 {[%emt 0:00:00]} Re8 {[%emt 0:00:00]} 15. Qd2 {[%emt 0:00:00]} Qe7 {[%emt 0:00:01]} 16. Rad1 {[%emt 0:00:01]} Rad8 {[%emt 0:00:00]} 17. Bb1 {[%emt 0:00:00]} g6 {[%emt 0:00:02]} 18. Ba2 {[%emt 0:00:05]} Kg7 {[%emt 0:00:00]} 19. h3 {[%emt 0:00:02]} h6 {[%emt 0:00:01]} 20. Re3 {[%emt 0:00:03]} Nb8 {[%emt 0:00:01]} 21. Rde1 {[%emt 0:00:13]} Qf8 {[%emt 0:00:08]} 22. b4 {[%emt 0:00:11]} Nc6 {[%emt 0:00:06]} 23. b5 {[%emt 0:00:01]} axb5 {[%emt 0:00:00]} 24. axb5 {[%emt 0:00:00]} Na5 {[%emt 0:00:03]} 25. Rd3 {[%emt 0:00:05]} Ra8 {[%emt 0:00:06]} 26. dxe5 {[%emt 0:00:02]} dxe5 {[%emt 0:00:00]} 27. Nd5 {[%emt 0:00:03]} Bxd5 {[%emt 0:00:02]} 28. Bxd5 {[%emt 0:00:09]} Rac8 {[%emt 0:00:03]} 29. g4 {[%emt 0:00:06]} Qe7 {[%emt 0:00:05]} 30. Kg2 {[%emt 0:00:02]} Rc5 {[%emt 0:00:02]} 31. Qb2 {[%emt 0:00:06]} Nc4 {[%emt 0:00:05]} 32. Bxc4 {[%emt 0:00:02]} Rxc4 {[%emt 0:00:00]} 33. Nd2 {[%emt 0:00:03]} Rb4 {[%emt 0:00:02]} 34. Rb3 {[%emt 0:00:01]} Rd4 {[%emt 0:00:00]} 35. Nf3 {[%emt 0:00:01]} Rc4 {[%emt 0:00:04]} 36. Rc3 {[%emt 0:00:03]} Rxe4 {[%emt 0:00:08]} 37. Rxe4 {[%emt 0:00:02]} Nxe4 {[%emt 0:00:00]} 38. Rc6 {[%emt 0:00:00]} Nf6 {[%emt 0:00:03]} 39. Rxb6 {[%emt 0:00:01]} Nd5 {[%emt 0:00:11]} 40. Rc6 {[%emt 0:00:01]} Nf4+ {[%emt 0:00:01]} 41. Kg3 {[%emt 0:00:01]} g5 {[%emt 0:00:03]} 42. b6 {[%emt 0:00:01]} Qd7 {[%emt 0:00:02]} 43. Rc7 {[%emt 0:00:03]} Qd6 {[%emt 0:00:03]} 44. Rc2 {[%emt 0:00:05]} Kh7 {[%emt 0:00:02]} 45. Rd2 {[%emt 0:00:01]} Nd3 {[%emt 0:00:00]} 46. Nxe5 {[%emt 0:00:04]} Rxe5 {[%emt 0:00:02]} 47. Kg2 {[%emt 0:00:01]} Qc6+ {[%emt 0:00:03]} 0-1

[Event "Speed Chess Championship 2020"]
[Site "Online"]
[Date "2020.11.02"]
[Round "1.18"]
[White "Nihal Sarin"]
[Black "Vachier-Lagrave, Maxime"]
[Result "1/2-1/2"]
[WhiteElo "2620"]
[BlackElo "2784"]
[Annotator "TA RC"]
[PlyCount "69"]
[EventDate "2020.10.31"]
[EventType "k.o."]

{[%evp 12,69,-5,-10,7,-16,6,-8,29,0,5,0,0,8,9,0,22,0,0,0,0,0,15,0,0,0,0,0,0,0,0,0,5,0,5,0,7,3,5,0,5,6,10,11,13,13,83,18,18,0,11,0,4,0,0,0,0,0,0,0]} 1. d4 d5 2. Bf4 Nf6 3. e3 e6 4. Nd2 Bd6 5. Bg3 O-O 6. Ngf3 b6 7. Bd3 Ba6 {D02: 1 d4 d5 2 Nf3 sidelines, including 2...Nf6 3 g3 and 2...Nf6 3 Bf4.} 8. O-O {[#]} c5 $146 ({Predecessor:} 8... Bxg3 9. hxg3 c5 10. Rc1 Bxd3 11. cxd3 Nbd7 12. Rc3 Rc8 13. Qa4 cxd4 14. Qxd4 Qe7 15. Rfc1 e5 16. Qa4 Rxc3 17. Rxc3 Nc5 18. Qc2 e4 19. dxe4 dxe4 20. Nd4 Ng4 21. Qd1 {½-½ (21) Berkes,F (2636)-Palac,M (2577) Gjakova 2016}) 9. dxc5 Bxc5 10. Qe2 Bxd3 11. cxd3 Nc6 12. Rac1 {[#] And now d4 would win.} Rc8 13. d4 Bd6 14. Qb5 Qd7 15. Bxd6 Qxd6 16. Rc3 Qb4 17. Qxb4 Nxb4 18. Rfc1 Rxc3 19. Rxc3 Nxa2 20. Ra3 Nb4 21. Rxa7 Nd3 22. Rb7 Nxb2 23. Rxb6 Na4 24. Rc6 Rb8 25. h3 Nb6 26. Ne5 Nfd7 (26... Ne8 {keeps more tension.} 27. g4 Nc8 28. h4 g6 29. Nf1 Ncd6) 27. Ndf3 Nxe5 28. Nxe5 $11 {[%mdl 4096] Endgame KRN-KRN} h6 (28... Rb7 $1 $11 {remains equal.}) 29. g4 (29. Rc7 $16) 29... Rb7 {The position is equal.} 30. Kg2 g6 31. Rd6 Kg7 32. Rd8 Rc7 33. h4 Nc4 34. Rd7 Rxd7 35. Nxd7 {Av CentiPawn Loss W=-7/B=-8. Weighted=-10/-9} 1/2-1/2

[Event "Speed Chess Championship 2020"]
[Site "Online"]
[Date "2020.11.04"]
[Round "1.19"]
[White "Carlsen, Magnus"]
[Black "Maghsoodloo, Parham"]
[Result "1-0"]
[WhiteElo "2862"]
[BlackElo "2676"]
[Annotator "TA"]
[PlyCount "53"]
[EventDate "2020.10.31"]
[EventType "k.o."]
[SourceTitle "playchess.com"]
[Source "ChessBase"]
[SourceQuality "1"]

{[%evp 11,53,31,36,21,51,47,50,50,56,41,62,20,54,46,75,40,40,31,41,29,33,40,40,0,0,0,47,24,70,39,379,378,382,323,529,522,614,607,704,687,689,673,1219,1200]} 1. e4 c5 2. Nf3 Nc6 3. d4 cxd4 4. Nxd4 e5 5. Nb5 d6 6. c4 Be6 7. N1c3 {B32: Sicilian: Löwenthal and Kalashnikov Variations.} Rc8 8. Nd5 a6 9. Nbc3 {[#] White is slightly better.} g6 $146 ({Predecessor:} 9... Nf6 10. Bd3 Be7 11. O-O O-O 12. Be3 Nd4 13. Nxe7+ Qxe7 14. Nd5 Qd8 15. Qd2 h6 {1-0 (38) Borensztajn,D (1972)-Juer,J (2142) Rio de Janeiro 2015}) 10. Bd3 Bg7 11. h4 h6 12. h5 g5 13. g4 Nge7 14. f3 Nd4 15. Be3 O-O 16. Nxe7+ Qxe7 17. Rc1 Qd8 ({Don't go for} 17... Bxc4 $2 18. Bxc4 Nxf3+ 19. Qxf3 $18) 18. Kf2 Qa5 19. Qd2 b5 20. Nd5 Qxa2 $2 {[%mdl 8192] [#] This move loses the game for Black.} ({Black should play} 20... Qd8 $14) 21. Ra1 Qb3 22. Ra3 Bxd5 $2 (22... bxc4 {keeps fighting.} 23. Rxb3 Nxb3) 23. cxd5 $18 {White is clearly winning.} ({Less strong is} 23. Rxb3 Nxb3 24. Qb4 Bxc4 $14) 23... Rc2 24. Qxc2 ({Weaker is} 24. Rxb3 Rxd2+ 25. Bxd2 Nxb3 $11) 24... Qxc2+ 25. Bxc2 Nxc2 26. Rxa6 Rc8 27. Rc6 {Av CentiPawn Loss W=-16/B=-75. Weighted=-17/-91} 1-0

[Event "Speed Chess Championship 2020"]
[Site "Online"]
[Date "2020.11.08"]
[Round "1.19"]
[White "So, Wesley"]
[Black "Abdusattorov, Nodirbek"]
[Result "1/2-1/2"]
[WhiteElo "2816"]
[BlackElo "2662"]
[Annotator "TA"]
[PlyCount "119"]
[EventDate "2020.10.31"]
[EventType "k.o."]
[SourceTitle "playchess.com"]
[Source "ChessBase"]
[SourceQuality "1"]

{[%evp 9,119,-8,0,-2,13,0,36,8,7,17,19,18,59,72,59,54,56,56,46,46,150,134,127,38,38,16,16,16,12,25,31,14,22,16,17,19,20,18,19,16,32,27,27,6,21,15,13,6,35,35,38,22,2080,1720,5535,5208,5192,5218,5202,259,5608,5406,5310,5399,5081,258,259,259,216,0,30,31,5081,5081,5047,259,29973,29974,29975,0,0,0,0,0,0,0,0,0,0,0,0,0,0,0,0,0,0,0,0,0,0,0,0,0,29975,0,29973,0,0,0,0,0]} 1. e4 c6 2. Nf3 d5 3. d3 dxe4 4. dxe4 Qxd1+ 5. Kxd1 g6 6. a4 {B10: Caro-Kann: 2 d3 and 2 c4.} Bg7 7. c3 {[#]} f5 $146 ({Predecessor:} 7... Nf6 8. Nfd2 Ng4 9. Ke1 O-O 10. h3 Nf6 11. Bc4 Nbd7 12. Ke2 b6 13. Kd1 Nc5 {½-½ (44) Todorov,T (2518)-Kasparov,S (2461) France 2005}) 8. Bd3 {White is slightly better.} fxe4 $1 9. Bxe4 Nf6 10. Bc2 Bf5 11. Bxf5 gxf5 12. Nd4 Ne4 13. Nxf5 Nxf2+ {[%mdl 64] Double Attack} 14. Ke2 $1 Nxh1 (14... O-O $1 $14 15. Nxe7+ Kh8) 15. Nxg7+ $16 Kd7 16. Na3 (16. g4 $1 $16) 16... Na6 $1 $14 {White should prevent ...Raf8.} 17. Bh6 Raf8 $1 {[%cal Rf8f6]} 18. Rxh1 Rf6 $1 {[%cal Rf6h6]} 19. Be3 {Hoping for Nh5.} Rg8 20. Rd1+ Kc8 21. Bd4 Rxg7 22. Bxf6 exf6 $11 {[%mdl 4096] Endgame KRN-KRN} 23. Kf3 Nc5 24. a5 Nd7 25. Nc4 Kc7 26. g4 b5 27. axb6+ axb6 28. Kf4 b5 29. Nd6 {And now Ne8+ would win.} Re7 $1 30. Ne4 Re6 $2 {[%mdl 8192]} (30... Nf8 $11) 31. Rxd7+ $1 $18 {[%mdl 64] Remove Defender, Decoy} Kxd7 {KR-KN} 32. Nc5+ {[%mdl 64] Double Attack} Kd6 33. Nxe6 Kxe6 {KP-KP} 34. h4 $2 (34. b3 Kd6 35. Kf5) 34... Kd6 $2 (34... c5 35. b3 Kf7) 35. Kf5 Ke7 36. b3 Kf7 37. Ke4 $2 (37. b4 Ke7 38. g5 fxg5 39. Kxg5) 37... Ke6 {[#]} 38. Kf4 $1 {[%cal Rf4e4]} Ke7 39. Ke3 $2 (39. g5 $18) 39... Ke6 40. Ke4 Kd6 $2 {[%mdl 8192]} (40... Ke7 $14) 41. Kf5 Ke7 42. c4 $2 (42. g5 fxg5 43. Kxg5) 42... bxc4 $2 (42... Kf7 $18 43. c5 b4) 43. bxc4 {K3P-K3P} Kf7 44. Kf4 $2 (44. c5 Ke7 45. h5 Kf7 46. g5 fxg5 47. Kxg5 Kg7 48. h6+ Kf7 49. Kf5) 44... Ke6 45. Ke4 c5 46. Kf4 {Strongly threatening Ke4.} Ke7 $1 47. Kf5 Kf7 $1 48. Ke4 {Black must now prevent Kd5.} Ke6 49. Kf4 {Threatens to win with Ke4.} Ke7 $1 50. Kf5 Kf7 $1 51. g5 fxg5 52. Kxg5 $11 {KPP-KPP} Kg7 $1 53. h5 Kf7 54. Kf5 Kg7 $1 55. Kg5 {h6+ is the strong threat.} Kf7 56. Kh6 Kg8 57. Kg5 {aiming for Kf6.} Kg7 $2 {[%mdl 8192] [#]} (57... Kf7 $11 58. Kf5 Kg7) 58. Kf5 $2 (58. h6+ $1 {mates} Kf7 59. Kf5 Ke8 60. Ke6 Kd8 61. Kd6 Ke8 62. Kxc5 Kf7 63. Kd4) 58... Kh6 59. Kg4 Kg7 60. Kg5 {Av CentiPawn Loss W=-131/B=-106. Weighted=-116/-147} 1/2-1/2

[Event "Speed Chess Championship 2020"]
[Site "Online"]
[Date "2020.11.11"]
[Round "1.19"]
[White "Nepomniachtchi, Ian"]
[Black "Aronian, Levon"]
[Result "1-0"]
[WhiteElo "2784"]
[BlackElo "2781"]
[Annotator "ChessBase"]
[PlyCount "141"]
[EventDate "2020.10.31"]
[EventType "k.o."]
[SourceTitle "playchess.com"]
[Source "ChessBase"]
[SourceQuality "1"]
[TimeControl "60+1"]

1. b3 {[%emt 0:00:01]} d5 {[%emt 0:00:01]} 2. Bb2 {[%emt 0:00:00]} Bf5 {[%emt 0:00:00]} 3. d3 {[%emt 0:00:00]} e6 {[%emt 0:00:01]} 4. Nd2 {[%emt 0:00:00]} Nf6 {[%emt 0:00:01]} 5. g3 {[%emt 0:00:01]} h6 {[%emt 0:00:02]} 6. Bg2 {[%emt 0:00:00]} Bh7 {[%emt 0:00:01]} 7. Nh3 {[%emt 0:00:00]} a5 {[%emt 0:00:02]} 8. a3 {[%emt 0:00:02]} c5 {[%emt 0:00:01]} 9. O-O {[%emt 0:00:01]} Nc6 {[%emt 0:00:01]} 10. e4 {[%emt 0:00:00]} Be7 {[%emt 0:00:04]} 11. exd5 {[%emt 0:00:01]} exd5 {[%emt 0:00:01]} 12. Nf4 {[%emt 0:00:01]} O-O {[%emt 0:00:01]} 13. Re1 {[%emt 0:00:00]} Re8 {[%emt 0:00:00]} 14. Bxf6 {[%emt 0:00:01]} Bxf6 {[%emt 0:00:01]} 15. Rxe8+ {[%emt 0:00:00]} Qxe8 {[%emt 0:00:01]} 16. Rb1 {[%emt 0:00:00]} d4 {[%emt 0:00:01]} 17. Nd5 {[%emt 0:00:01]} Bd8 {[%emt 0:00:02]} 18. Qg4 {[%emt 0:00:01]} Ne5 {[%emt 0:00:06]} 19. Re1 {[%emt 0:00:04]} Bg5 {[%emt 0:00:10]} 20. Qd1 {[%emt 0:00:01]} Bxd2 {[%emt 0:00:02]} 21. Qxd2 {[%emt 0:00:01]} Qb8 {[%emt 0:00:00]} 22. Qf4 {[%emt 0:00:06]} Nc6 {[%emt 0:00:02]} 23. Nc7 {[%emt 0:00:02]} g5 {[%emt 0:00:08]} 24. Qd6 {[%emt 0:00:03]} Qf8 {[%emt 0:00:01]} 25. Qf6 {[%emt 0:00:03]} Rd8 {[%emt 0:00:03]} 26. Bd5 {[%emt 0:00:06]} Qg7 {[%emt 0:00:07]} 27. Re8+ {[%emt 0:00:20]} Rxe8 {[%emt 0:00:02]} 28. Nxe8 {[%emt 0:00:00]} Qxf6 {[%emt 0:00:12]} 29. Nxf6+ {[%emt 0:00:00]} Kg7 {[%emt 0:00:01]} 30. Nxh7 {[%emt 0:00:01]} Kxh7 {[%emt 0:00:01]} 31. Bxf7 {[%emt 0:00:00]} Ne5 {[%emt 0:00:05]} 32. Be6 {[%emt 0:00:02]} Kg7 {[%emt 0:00:03]} 33. Kg2 {[%emt 0:00:02]} Kf6 {[%emt 0:00:01]} 34. Bc8 {[%emt 0:00:01]} b5 {[%emt 0:00:01]} 35. f4 {[%emt 0:00:01]} gxf4 {[%emt 0:00:02]} 36. gxf4 {[%emt 0:00:00]} Nf7 {[%emt 0:00:01]} 37. Kf3 {[%emt 0:00:00]} Nd6 {[%emt 0:00:02]} 38. Bd7 {[%emt 0:00:01]} Ke7 {[%emt 0:00:01]} 39. Bc6 {[%emt 0:00:01]} Kf6 {[%emt 0:00:01]} 40. Bd5 {[%emt 0:00:07]} b4 {[%emt 0:00:02]} 41. a4 {[%emt 0:00:01]} Nf5 {[%emt 0:00:02]} 42. Bb7 {[%emt 0:00:12]} Ne3 {[%emt 0:00:00]} 43. Ke4 {[%emt 0:00:01]} Ke6 {[%emt 0:00:04]} 44. Bc8+ {[%emt 0:00:01]} Kd6 {[%emt 0:00:01]} 45. f5 {[%emt 0:00:01]} Ke7 {[%emt 0:00:02]} 46. Ke5 {[%emt 0:00:02]} Nxc2 {[%emt 0:00:01]} 47. f6+ {[%emt 0:00:00]} Kf8 {[%emt 0:00:01]} 48. Kd6 {[%emt 0:00:01]} Ne1 {[%emt 0:00:01]} 49. Bf5 {[%emt 0:00:02]} Kf7 {[%emt 0:00:01]} 50. Kxc5 {[%emt 0:00:03]} Kxf6 {[%emt 0:00:01]} 51. Be4 {[%emt 0:00:00]} Ke5 {[%emt 0:00:00]} 52. Kb5 {[%emt 0:00:01]} Kd6 {[%emt 0:00:01]} 53. Kxa5 {[%emt 0:00:01]} Kc5 {[%emt 0:00:00]} 54. Ka6 {[%emt 0:00:01]} Nc2 {[%emt 0:00:00]} 55. Bg6 {[%emt 0:00:01]} Na1 {[%emt 0:00:01]} 56. Bf7 {[%emt 0:00:01]} Nc2 {[%emt 0:00:00]} 57. a5 {[%emt 0:00:01]} Ne1 {[%emt 0:00:02]} 58. Bc4 {[%emt 0:00:01]} Nf3 {[%emt 0:00:01]} 59. h3 {[%emt 0:00:02]} Kc6 {[%emt 0:00:01]} 60. Bb5+ {[%emt 0:00:03]} Kc7 {[%emt 0:00:01]} 61. Be8 {[%emt 0:00:01]} Ne5 {[%emt 0:00:01]} 62. Bb5 {[%emt 0:00:02]} Nf3 {[%emt 0:00:01]} 63. Bc4 {[%emt 0:00:01]} Ne5 {[%emt 0:00:02]} 64. Kb5 {[%emt 0:00:01]} Nc6 {[%emt 0:00:01]} 65. a6 {[%emt 0:00:01]} h5 {[%emt 0:00:01]} 66. Kc5 {[%emt 0:00:04]} h4 {[%emt 0:00:01]} 67. Bd5 {[%emt 0:00:00]} Na7 {[%emt 0:00:02]} 68. Bb7 {[%emt 0:00:01]} Kb8 {[%emt 0:00:01]} 69. Kb6 {[%emt 0:00:01]} Nc8+ {[%emt 0:00:02]} 70. Bxc8 {[%emt 0:00:00]} Kxc8 {[%emt 0:00:00]} 71. a7 {[%emt 0:00:01]} 1-0

[Event "Speed Chess Championship 2020"]
[Site "Online"]
[Date "2020.11.01"]
[Round "1.19"]
[White "Vachier-Lagrave, Maxime"]
[Black "Nihal Sarin"]
[Result "1/2-1/2"]
[WhiteElo "2784"]
[BlackElo "2620"]
[Annotator "TA"]
[PlyCount "63"]
[EventDate "2020.10.31"]
[EventType "k.o."]
[SourceTitle "playchess.com"]
[Source "ChessBase"]
[SourceQuality "1"]

{[%evp 16,63,10,8,12,17,15,15,21,17,17,6,23,18,16,26,13,0,0,0,7,9,0,20,17,9,16,21,15,6,0,0,0,1,5,0,0,-4,-3,-41,-38,-44,0,0,0,-47,0,0,0,-48]} 1. e4 e5 2. Nf3 Nc6 3. Bb5 a6 4. Ba4 Nf6 5. O-O Be7 6. d3 b5 7. Bb3 d6 8. a3 $1 {[%mdl 4] is recently more successful than 8.a4. Played by Fabiano Caruana in October 2020.} O-O 9. Nc3 Na5 {C77: Ruy Lopez: 3...a6 4 Ba4 Nf6, unusual lines.} 10. Ba2 Be6 11. b4 Bxa2 12. Rxa2 Nc6 13. Bg5 Ng4 14. Bd2 Nf6 15. Re1 Qd7 16. Nd5 Nxd5 17. exd5 Na7 18. a4 c6 19. dxc6 Nxc6 {[%cal Ba7c6,Bc6b4,Bb4c2][%mdl 32]} 20. c4 d5 21. axb5 axb5 22. Rxa8 Rxa8 23. cxb5 Nxb4 24. Nxe5 Qxb5 25. Qg4 {[#] Threatens to win with Nxf7!} Nc2 $5 $146 {[%cal Rc2e1][%mdl 8] New and interesting.} ({Wrong is} 25... Nxd3 $2 26. Qe2 $18) ({Predecessor:} 25... Ra7 26. h4 Nc6 27. Bh6 Bf8 28. Nd7 f5 29. Qxf5 {1-0 (29) Vachier Lagrave,M (2780)-Alekseenko,K (2637) Caleta 2019}) 26. Rf1 Bf6 27. Bf4 Nd4 {aiming for ...Qb8.} 28. Bg3 Ne6 29. Qf5 Nd4 30. Qg4 Ne6 31. Qf5 Nd4 32. Qg4 {Av CentiPawn Loss W=-6/B=0. Weighted=-4/0} 1/2-1/2

[Event "Speed Chess Championship 2020"]
[Site "Online"]
[Date "2020.11.04"]
[Round "1.19"]
[White "Firouzja, Alireza"]
[Black "Fedoseev, Vladimir"]
[Result "1-0"]
[WhiteElo "2749"]
[BlackElo "2676"]
[Annotator "ChessBase"]
[PlyCount "123"]
[EventDate "2020.10.31"]
[EventType "k.o."]
[SourceTitle "playchess.com"]
[Source "ChessBase"]
[SourceQuality "1"]
[TimeControl "60+1"]

1. Nf3 {[%emt 0:00:01]} Nf6 {[%emt 0:00:01]} 2. g3 {[%emt 0:00:00]} g6 {[%emt 0:00:00]} 3. Bg2 {[%emt 0:00:01]} Bg7 {[%emt 0:00:01]} 4. O-O {[%emt 0:00:00]} O-O {[%emt 0:00:00]} 5. d4 {[%emt 0:00:00]} d6 {[%emt 0:00:02]} 6. c4 {[%emt 0:00:00]} Nc6 {[%emt 0:00:01]} 7. Nc3 {[%emt 0:00:01]} a6 {[%emt 0:00:00]} 8. b3 {[%emt 0:00:03]} Rb8 {[%emt 0:00:02]} 9. d5 {[%emt 0:00:01]} Na7 {[%emt 0:00:05]} 10. Be3 {[%emt 0:00:03]} c5 {[%emt 0:00:01]} 11. dxc6 {[%emt 0:00:00]} Nxc6 {[%emt 0:00:01]} 12. Rc1 {[%emt 0:00:00]} Bd7 {[%emt 0:00:03]} 13. Ne1 {[%emt 0:00:05]} Rc8 {[%emt 0:00:02]} 14. Nd3 {[%emt 0:00:02]} Bf5 {[%emt 0:00:03]} 15. Qd2 {[%emt 0:00:01]} Qd7 {[%emt 0:00:05]} 16. Rfd1 {[%emt 0:00:02]} Bh3 {[%emt 0:00:04]} 17. Bh1 {[%emt 0:00:02]} Qd8 {[%emt 0:00:11]} 18. Nf4 {[%emt 0:00:01]} Bd7 {[%emt 0:00:01]} 19. Bg2 {[%emt 0:00:05]} Ng4 {[%emt 0:00:01]} 20. Nfd5 {[%emt 0:00:05]} Nxe3 {[%emt 0:00:01]} 21. Qxe3 {[%emt 0:00:00]} Re8 {[%emt 0:00:02]} 22. Nb6 {[%emt 0:00:04]} Bd4 {[%emt 0:00:02]} 23. Rxd4 {[%emt 0:00:03]} Qxb6 {[%emt 0:00:00]} 24. Rd3 {[%emt 0:00:02]} Qxe3 {[%emt 0:00:01]} 25. Rxe3 {[%emt 0:00:00]} Be6 {[%emt 0:00:04]} 26. Rd1 {[%emt 0:00:02]} Rc7 {[%emt 0:00:03]} 27. f4 {[%emt 0:00:01]} Rb8 {[%emt 0:00:01]} 28. Bd5 {[%emt 0:00:05]} Bxd5 {[%emt 0:00:11]} 29. Nxd5 {[%emt 0:00:01]} Rd7 {[%emt 0:00:01]} 30. Kf2 {[%emt 0:00:02]} Kf8 {[%emt 0:00:01]} 31. Nb6 {[%emt 0:00:02]} Rdd8 {[%emt 0:00:01]} 32. Rd2 {[%emt 0:00:01]} Kg7 {[%emt 0:00:02]} 33. a3 {[%emt 0:00:02]} Re8 {[%emt 0:00:02]} 34. b4 {[%emt 0:00:01]} Rbd8 {[%emt 0:00:01]} 35. Red3 {[%emt 0:00:03]} Rb8 {[%emt 0:00:01]} 36. Rc3 {[%emt 0:00:02]} f5 {[%emt 0:00:01]} 37. Re3 {[%emt 0:00:02]} Kf7 {[%emt 0:00:01]} 38. Rb3 {[%emt 0:00:08]} Rbd8 {[%emt 0:00:01]} 39. a4 {[%emt 0:00:01]} Nb8 {[%emt 0:00:02]} 40. Rbd3 {[%emt 0:00:12]} Nd7 {[%emt 0:00:01]} 41. Nxd7 {[%emt 0:00:01]} Rxd7 {[%emt 0:00:00]} 42. c5 {[%emt 0:00:00]} Red8 {[%emt 0:00:00]} 43. cxd6 {[%emt 0:00:01]} Rxd6 {[%emt 0:00:03]} 44. Rxd6 {[%emt 0:00:01]} Rxd6 {[%emt 0:00:01]} 45. Rxd6 {[%emt 0:00:01]} exd6 {[%emt 0:00:00]} 46. Ke3 {[%emt 0:00:01]} b5 {[%emt 0:00:04]} 47. axb5 {[%emt 0:00:04]} axb5 {[%emt 0:00:01]} 48. Kd4 {[%emt 0:00:00]} Ke6 {[%emt 0:00:00]} 49. h3 {[%emt 0:00:03]} h5 {[%emt 0:00:01]} 50. e3 {[%emt 0:00:03]} Ke7 {[%emt 0:00:02]} 51. Kd5 {[%emt 0:00:01]} Kd7 {[%emt 0:00:00]} 52. h4 {[%emt 0:00:05]} Kc7 {[%emt 0:00:01]} 53. Ke6 {[%emt 0:00:01]} Kc6 {[%emt 0:00:00]} 54. Kf6 {[%emt 0:00:00]} Kd5 {[%emt 0:00:00]} 55. Kxg6 {[%emt 0:00:01]} Kc4 {[%emt 0:00:00]} 56. Kxh5 {[%emt 0:00:00]} Kxb4 {[%emt 0:00:00]} 57. Kg5 {[%emt 0:00:01]} Kc5 {[%emt 0:00:03]} 58. h5 {[%emt 0:00:00]} b4 {[%emt 0:00:00]} 59. h6 {[%emt 0:00:00]} b3 {[%emt 0:00:00]} 60. h7 {[%emt 0:00:00]} b2 {[%emt 0:00:00]} 61. h8=Q {[%emt 0:00:01]} b1=Q {[%emt 0:00:00]} 62. Qc8+ {[%emt 0:00:01]} 1-0

[Event "Speed Chess Championship 2020"]
[Site "Online"]
[Date "2020.11.15"]
[Round "1.19"]
[White "Duda, Jan-Krzysztof"]
[Black "Caruana, Fabiano"]
[Result "1-0"]
[WhiteElo "2743"]
[BlackElo "2823"]
[Annotator "ChessBase"]
[PlyCount "111"]
[EventDate "2020.10.31"]
[EventType "k.o."]
[EventCountry "NET"]
[SourceTitle "playchess.com"]
[Source "ChessBase"]
[SourceQuality "1"]
[TimeControl "60+1"]

1. d4 {[%emt 0:00:01]} Nf6 {[%emt 0:00:01]} 2. c4 {[%emt 0:00:00]} e6 {[%emt 0:00:00]} 3. Nc3 {[%emt 0:00:00]} Bb4 {[%emt 0:00:01]} 4. e3 {[%emt 0:00:01]} O-O {[%emt 0:00:00]} 5. Bd3 {[%emt 0:00:00]} d5 {[%emt 0:00:02]} 6. a3 {[%emt 0:00:03]} Bxc3+ {[%emt 0:00:04]} 7. bxc3 {[%emt 0:00:00]} c5 {[%emt 0:00:01]} 8. cxd5 {[%emt 0:00:03]} exd5 {[%emt 0:00:01]} 9. Ne2 {[%emt 0:00:00]} Nc6 {[%emt 0:00:01]} 10. O-O {[%emt 0:00:01]} Re8 {[%emt 0:00:02]} 11. f3 {[%emt 0:00:01]} b6 {[%emt 0:00:10]} 12. Ra2 {[%emt 0:00:01]} Qc7 {[%emt 0:00:02]} 13. Ng3 {[%emt 0:00:03]} h5 {[%emt 0:00:01]} 14. Re2 {[%emt 0:00:03]} h4 {[%emt 0:00:01]} 15. Nf5 {[%emt 0:00:00]} Bxf5 {[%emt 0:00:01]} 16. Bxf5 {[%emt 0:00:00]} g6 {[%emt 0:00:01]} 17. Bd3 {[%emt 0:00:01]} cxd4 {[%emt 0:00:10]} 18. cxd4 {[%emt 0:00:02]} Re6 {[%emt 0:00:00]} 19. Qe1 {[%emt 0:00:02]} h3 {[%emt 0:00:01]} 20. Qh4 {[%emt 0:00:02]} hxg2 {[%emt 0:00:04]} 21. Rxg2 {[%emt 0:00:00]} Kg7 {[%emt 0:00:01]} 22. Bd2 {[%emt 0:00:19]} Rh8 {[%emt 0:00:02]} 23. Qg3 {[%emt 0:00:01]} Qe7 {[%emt 0:00:02]} 24. Bb5 {[%emt 0:00:12]} Rh5 {[%emt 0:00:13]} 25. a4 {[%emt 0:00:05]} Na5 {[%emt 0:00:02]} 26. Bxa5 {[%emt 0:00:17]} bxa5 {[%emt 0:00:00]} 27. e4 {[%emt 0:00:01]} dxe4 {[%emt 0:00:01]} 28. fxe4 {[%emt 0:00:00]} Nxe4 {[%emt 0:00:02]} 29. Qf4 {[%emt 0:00:00]} Rf6 {[%emt 0:00:02]} 30. Qe3 {[%emt 0:00:01]} Rxf1+ {[%emt 0:00:02]} 31. Bxf1 {[%emt 0:00:00]} Qh4 {[%emt 0:00:02]} 32. Bd3 {[%emt 0:00:02]} Ng5 {[%emt 0:00:02]} 33. Qe5+ {[%emt 0:00:03]} Kh7 {[%emt 0:00:01]} 34. Qe3 {[%emt 0:00:04]} Nh3+ {[%emt 0:00:02]} 35. Kh1 {[%emt 0:00:00]} Qf4 {[%emt 0:00:05]} 36. Qxf4 {[%emt 0:00:03]} Nxf4 {[%emt 0:00:00]} 37. Rd2 {[%emt 0:00:00]} Rh3 {[%emt 0:00:04]} 38. Bc4 {[%emt 0:00:03]} Rc3 {[%emt 0:00:01]} 39. Bf1 {[%emt 0:00:00]} Kg7 {[%emt 0:00:02]} 40. d5 {[%emt 0:00:01]} Kf8 {[%emt 0:00:05]} 41. d6 {[%emt 0:00:01]} Ke8 {[%emt 0:00:00]} 42. Kg1 {[%emt 0:00:01]} Kd8 {[%emt 0:00:02]} 43. Kf2 {[%emt 0:00:00]} Rc5 {[%emt 0:00:01]} 44. Bb5 {[%emt 0:00:01]} Rd5 {[%emt 0:00:01]} 45. Rxd5 {[%emt 0:00:02]} Nxd5 {[%emt 0:00:00]} 46. Kf3 {[%emt 0:00:00]} Nb6 {[%emt 0:00:03]} 47. Ke4 {[%emt 0:00:01]} f6 {[%emt 0:00:00]} 48. Kd4 {[%emt 0:00:03]} a6 {[%emt 0:00:04]} 49. Bc6 {[%emt 0:00:01]} Kc8 {[%emt 0:00:02]} 50. Kc5 {[%emt 0:00:00]} Nd7+ {[%emt 0:00:00]} 51. Kd5 {[%emt 0:00:01]} Kd8 {[%emt 0:00:01]} 52. Ke6 {[%emt 0:00:01]} Ne5 {[%emt 0:00:00]} 53. Be4 {[%emt 0:00:01]} Nc4 {[%emt 0:00:02]} 54. Bxg6 {[%emt 0:00:01]} Nb2 {[%emt 0:00:02]} 55. Bc2 {[%emt 0:00:01]} f5 {[%emt 0:00:00]} 56. Kxf5 {[%emt 0:00:01]} 1-0